Rediseño de la operación de abastecimiento de envase de las líneas de producción para una empresa de consumo masivo
Gorde:
| Egile nagusia: | |
|---|---|
| Beste egile batzuk: | |
| Formatua: | Liburua |
| Hizkuntza: | Spanish |
| Argitaratua: |
[San José, Costa Rica]
2012
|
| Gaiak: | |
| Etiketak: |
Etiketa erantsi
Etiketarik gabe, Izan zaitez lehena erregistro honi etiketa jartzen!
|
MARC
| LEADER | 00000nam a22000007a 4500 | ||
|---|---|---|---|
| 003 | 012369 | ||
| 005 | 20221231144107.0 | ||
| 008 | 160602b2012 cr a|||| |||| 00| ||spa d | ||
| 040 | |c cru CEDI | ||
| 090 | |a TFG 7528 | ||
| 100 | |9 4797 |a Aguilar Castillo, Gloriana | ||
| 245 | |a Rediseño de la operación de abastecimiento de envase de las líneas de producción para una empresa de consumo masivo | ||
| 260 | |a [San José, Costa Rica] |c 2012 | ||
| 300 | |a xvii, 249; ilustraciones algunas a color | ||
| 500 | |a Proyecto de graduación (bachiller en ingeniería industrial)--Universidad de Costa Rica. Facultad de Ingeniería. Escuela de Ingeniería Industrial | ||
| 650 | |x EMPRESAS COMERCIALES |x GESTION EMPRESARIAL |x ADMINISTRACION DE LA PRODUCCION - DISEÑO |x INVENTARIOS - ADMINISTRACION |x CONTROL DE INVENTARIOS |x CONTROL DE LA PRODUCCION |9 4799 | ||
| 700 | |9 4798 |a Garrido Nieto, Naila Tatiana | ||
| 942 | |c TFG | ||
| 999 | |c 16791 |d 16791 | ||
